000 01022nam a22003377a 4500
003 EC-QuCCB
005 20230314104748.0
007 ta
008 220914s1988 sp a|||b |||| 00| f spa d
020 _a84-348-2150-8
040 _aEC-QuCCB
041 _aspa
082 _aI 863
_bM4254a
100 1 _94949
_aMateos, Pilar,
_d1942-
245 1 3 _aLa isla menguante
_cPilar Mateos ; Ángel Esteban, ilustrador
250 _aTercera edición
260 _aMadrid, España :
_bEdiciones S.M.,
_c1988
300 _a145 páginas :
_bilustraciones ;
_c19 cm
336 _atexto
_btxt
337 _ano mediado
_bn
338 _avolumen
_bnc
490 0 _aEl Barco de Vapor. Serie Naranja ;
_vnúmero 120
521 _aNiños de 7 a 9 años
586 _aPremio Lazarillo 1982
590 _abgg
650 0 _941781
_aLiteratura infantil española
650 4 _914604
_aNovela infantil española
700 _92523
_aEsteban, Ángel,
_d1948-
_eilustrador
942 _2ddc
_cBK
999 _c78502
_d78502